书目信息 |
| 题名: |
作文用句手册
|
|
| 作者: | 王大东 , 盛红昱 主编 | |
| 分册: | ||
| 出版信息: | 北京 中国青年出版社 1993.12 |
|
| 页数: | 608页 | |
| 开本: | 32开 | |
| 丛书名: | ||
| 单 册: | ||
| 中图分类: | G633.34-62 | |
| 科图分类: | ||
| 主题词: | 教育--各级 | |
| 电子资源: | ||
| ISBN: | 7-5006-1360-1 | |
| 000 | 00601nam0 2200205 45 | |
| 001 | 0011111539 | |
| 005 | 20001220165806.8 | |
| 010 | @a7-5006-1360-1@d19.00元 | |
| 100 | @a20001111d1993 km y0chiy0120 ea | |
| 101 | 0 | @achi |
| 105 | @a z 000yy | |
| 200 | 1 | @a作文用句手册@AZuo Wen Yong Ju Shou Ce@f王大东,盛红昱主编@FWang Da Dong,Sheng Hong Yu Zhu Bian |
| 210 | @a北京@c中国青年出版社@d1993.12 | |
| 215 | @a608页@d32开 | |
| 606 | 0 | @a教育@x各级 |
| 690 | @aG633.34-62@v3 | |
| 701 | 0 | @a王大东@4主编 |
| 701 | 0 | @a盛红昱@4主编 |
| 801 | @aCN@bPftUser@c20001111 | |
| 905 | @dG633.34-62@eW186@b403147@f1 | |
| 作文用句手册/王大东,盛红昱主编.-北京:中国青年出版社,1993.12 |
| 608页;32开 |
| ISBN 7-5006-1360-1:19.00元 |
| ● |
| 相关链接 |
|
|
|
正题名:作文用句手册
索取号:G633.34-62/W186
 
预约/预借
| 序号 | 登录号 | 条形码 | 馆藏地/架位号 | 状态 | 备注 |
| 1 | 403147 | 204031476 | 社科库409/ [索取号:G633.34-62/W186] | 在馆 |